00338nam a2200121 450000500170000010000190001724500510003626400420008730000170012933600220014633700240016833800240019220260530113847.01 aPablo Tedeschi10aGenesis de las Formas y el Diseño Industrial 1bEditorial Universitaria de BsAsc1962 a47 páginas atexto2rdacontent asin medio2rdamedia avolumen2rdacarrier